[Event "Syre Memorial op 36th"]
[Site "Issy les Moulineaux"]
[Date "2013.05.12"]
[Round "6"]
[White "Hummel, Erik Jan"]
[Black "Mauron, Regis"]
[Result "1-0"]
[WhiteElo "2307"]
[BlackElo "1600"]
[PlyCount "39"]
[EventDate "2013.05.08"]
[EventType "swiss"]
[EventRounds "7"]
[EventCountry "FRA"]
[SourceTitle "EXT 2015"]
[Source "ChessBase"]
[SourceDate "2014.11.20"]
[SourceVersion "1"]
[SourceVersionDate "2014.11.20"]
[SourceQuality "1"]

1. e4 c5 2. Nf3 Nc6 3. Bb5 a6 4. Bxc6 bxc6 5. 0-0 d6 6. Re1 e5 7. c3 Bg4 8. d4 Bxf3 9. Qxf3 cxd4 10. cxd4 exd4 11. e5 d5 12. e6 f6 13. Qb3 Rb8 14. Qa4 Qc8 15. Qxd4 Rb7 16. Nc3 Ne7 17. Bd2 Ng6 18. Rac1 Be7 19. Nxd5 Qd8 20. Rxc6 1-0

[Event "Montigny le Bretonneux Noel op 14th"]
[Site "Montigny le Bretonneux"]
[Date "2011.12.31"]
[Round "7.8"]
[White "Bouvier, Clement"]
[Black "Mauron, Regis"]
[Result "1-0"]
[WhiteElo "1856"]
[BlackElo "1587"]
[PlyCount "49"]
[EventDate "2011.12.26"]
[EventType "swiss"]
[EventRounds "7"]
[EventCountry "FRA"]
[SourceTitle "EXT 2014"]
[Source "ChessBase"]
[SourceDate "2013.11.20"]
[SourceVersion "1"]
[SourceVersionDate "2013.11.20"]
[SourceQuality "1"]

1. e4 c5 2. d4 cxd4 3. c3 dxc3 4. Nxc3 e6 5. Nf3 a6 6. Bc4 Qc7 7. Qe2 Ne7 8. 0-0 Ng6 9. Bb3 Bd6 10. g3 0-0 11. Be3 Nc6 12. Rac1 Qd8 13. Rfd1 Be7 14. Na4 b5 15. Nb6 Nce5 16. Nxe5 Nxe5 17. Nxa8 Bb7 18. Bf4 Bf6 19. Nc7 Nc6 20. Bd6 Be7 21. e5 f6 22. Bxe6+ Kh8 23. Bd5 fxe5 24. Bxc6 Bxc6 25. Rxc6 1-0

[Event "Montigny le Bretonneux Noel op 13th"]
[Site "Montigny le Bretonneux"]
[Date "2010.12.31"]
[Round "7"]
[White "Brisson, Michele"]
[Black "Mauron, Regis"]
[Result "0-1"]
[WhiteElo "1575"]
[BlackElo "1579"]
[PlyCount "58"]
[EventDate "2010.12.26"]
[EventType "swiss"]
[EventRounds "7"]
[EventCountry "FRA"]
[SourceTitle "CBM 140 Extra"]
[Source "ChessBase"]
[SourceDate "2011.03.01"]
[SourceVersion "1"]
[SourceVersionDate "2011.03.01"]
[SourceQuality "1"]

1. d4 Nf6 2. c4 g6 3. Nc3 Bg7 4. Bf4 d6 5. Nf3 0-0 6. e3 Nbd7 7. Be2 b6 8. 0-0 Bb7 9. b4 c5 10. a3 cxd4 11. exd4 Rc8 12. Qb3 Ne4 13. Nxe4 Bxe4 14. Be3 Nf6 15. Nd2 Ba8 16. Bf3 e6 17. Bxa8 Rxa8 18. Rac1 Rc8 19. Rc2 Ng4 20. h3 Nxe3 21. fxe3 Qg5 22. Ne4 Qd8 23. Rfc1 e5 24. Rd2 exd4 25. exd4 Bh6 26. Rdc2 Bxc1 27. Rxc1 Qh4 28. Qf3 f5 29. Qg3 Qxe4 0-1

[Event "Montigny le Bretonneux Noel op 13th"]
[Site "Montigny le Bretonneux"]
[Date "2010.12.27"]
[Round "3"]
[White "Guillet, Jacques"]
[Black "Mauron, Regis"]
[Result "0-1"]
[WhiteElo "1568"]
[BlackElo "1579"]
[PlyCount "74"]
[EventDate "2010.12.26"]
[EventType "swiss"]
[EventRounds "7"]
[EventCountry "FRA"]
[SourceTitle "CBM 140 Extra"]
[Source "ChessBase"]
[SourceDate "2011.03.01"]
[SourceVersion "1"]
[SourceVersionDate "2011.03.01"]
[SourceQuality "1"]

1. e4 c5 2. c3 Nc6 3. d4 cxd4 4. cxd4 g6 5. Nf3 d6 6. Be2 Bg7 7. 0-0 Bg4 8. Be3 Nf6 9. Nc3 0-0 10. h3 Bxf3 11. Bxf3 a6 12. Rc1 Rb8 13. Re1 Re8 14. Qd2 Na5 15. Be2 b5 16. b3 b4 17. Nd1 Nxe4 18. Qd3 d5 19. Qxa6 Nb7 20. Bb5 Rf8 21. Bc6 Nbd6 22. Bxd5 e6 23. Bxe4 Nxe4 24. Qd3 Nf6 25. Nb2 Nd5 26. Rc4 Qh4 27. Bd2 Bh6 28. Bxh6 Qxh6 29. Rec1 Qg5 30. Rc5 Qf4 31. Nd1 Nc3 32. Qe3 Qxe3 33. fxe3 Ne2+ 34. Kf2 Nxc1 35. Rxc1 Rfc8 36. Rc4 Rxc4 37. bxc4 Ra8 0-1

[Event "Syre Memorial op 33th"]
[Site "Issy les Moulineaux"]
[Date "2010.05.16"]
[Round "6"]
[White "Malouch, Naceur"]
[Black "Mauron, Regis"]
[Result "1-0"]
[WhiteElo "1910"]
[BlackElo "1579"]
[PlyCount "29"]
[EventDate "2010.05.13"]
[EventType "swiss"]
[EventRounds "6"]
[EventCountry "FRA"]
[SourceTitle "EXT 2011"]
[Source "ChessBase"]
[SourceDate "2010.11.26"]
[SourceVersion "1"]
[SourceVersionDate "2010.11.26"]
[SourceQuality "1"]

1. e4 c5 2. Nf3 Nc6 3. d4 cxd4 4. Nxd4 g6 5. c4 Bg7 6. Be3 Nf6 7. Nc3 0-0 8. Be2 d6 9. 0-0 a6 10. Rc1 Bd7 11. Kh1 Ne5 12. f3 Nh5 13. f4 Bh6 14. Bd2 Qb6 15. fxe5 1-0

[Event "Montigny le Bretonneux Noel op 12th"]
[Site "Montigny le Bretonneux"]
[Date "2009.12.31"]
[Round "7"]
[White "Mauron, Regis"]
[Black "Habunek, Patrick"]
[Result "0-1"]
[WhiteElo "1585"]
[BlackElo "1780"]
[PlyCount "98"]
[EventDate "2009.12.26"]
[EventType "swiss"]
[EventRounds "7"]
[EventCountry "FRA"]
[SourceTitle "EXT 2011"]
[Source "ChessBase"]
[SourceDate "2010.11.26"]
[SourceVersion "1"]
[SourceVersionDate "2010.11.26"]
[SourceQuality "1"]

1. b4 e5 2. Bb2 Bxb4 3. Bxe5 Nf6 4. e3 Nc6 5. Bb2 d5 6. Nf3 0-0 7. Be2 Re8 8. 0-0 a6 9. d3 Bd6 10. Nbd2 Ne5 11. h3 b5 12. e4 dxe4 13. Nxe4 Nxe4 14. dxe4 Bb7 15. Bd3 Nxf3+ 16. Qxf3 Qh4 17. Rae1 Be5 18. Bxe5 Rxe5 19. Re3 Rae8 20. Rfe1 c5 21. c4 b4 22. Qg4 Qxg4 23. hxg4 Rd8 24. f3 a5 25. Rd1 Ba6 26. Rb1 Rd4 27. Rc1 Re8 28. Bf1 Red8 29. Ree1 Kf8 30. Kf2 h6 31. Kg3 Rd2 32. Ra1 R8d4 33. Rec1 Rb2 34. a4 Rdd2 35. Rd1 Ke7 36. Rxd2 Rxd2 37. Kf4 Rc2 38. Ke3 Bxc4 39. Bxc4 Rxc4 40. Kd3 Rc3+ 41. Kd2 c4 42. Ra2 Rd3+ 43. Kc1 b3 44. Rb2 Kd6 45. f4 Kc5 46. e5 Rd4 47. g3 Rd3 48. Rd2 Rxd2 49. Kxd2 Kd4 0-1

[Event "Montigny le Bretonneux Noel op 11th"]
[Site "Montigny le Bretonneux"]
[Date "2008.12.28"]
[Round "4"]
[White "Champs, Sandra"]
[Black "Mauron, Regis"]
[Result "0-1"]
[WhiteElo "1220"]
[BlackElo "1571"]
[PlyCount "48"]
[EventDate "2008.12.26"]
[EventType "swiss"]
[EventRounds "7"]
[EventCountry "FRA"]
[SourceTitle "EXT 2010"]
[Source "ChessBase"]
[SourceDate "2010.11.25"]
[SourceVersion "1"]
[SourceVersionDate "2010.11.25"]
[SourceQuality "1"]

1. e4 c5 2. Nf3 Nc6 3. Bc4 g6 4. a3 Bg7 5. 0-0 d6 6. c3 Nf6 7. Re1 Bg4 8. h3 Bxf3 9. Qxf3 0-0 10. Qd1 Ne5 11. Ba2 c4 12. b3 b5 13. bxc4 bxc4 14. a4 Qb6 15. Re3 Bh6 16. Re2 Nh5 17. Na3 Rac8 18. Bb1 Nf4 19. Re1 Rc5 20. d4 cxd3 21. Be3 Ne2+ 22. Rxe2 dxe2 23. Qxe2 Bxe3 24. Qxe3 Qb2 0-1

[Event "Montigny le Bretonneux Noel op 10th"]
[Site "Montigny le Bretonneux"]
[Date "2007.12.31"]
[Round "7"]
[White "Sabathie, Emmanuel"]
[Black "Mauron, Regis"]
[Result "1/2-1/2"]
[WhiteElo "1280"]
[BlackElo "1558"]
[PlyCount "125"]
[EventDate "2007.12.26"]
[EventType "swiss"]
[EventRounds "7"]
[EventCountry "FRA"]
[SourceTitle "CBM 122 Extra"]
[Source "ChessBase"]
[SourceDate "2008.03.04"]
[SourceVersion "1"]
[SourceVersionDate "2008.03.04"]
[SourceQuality "1"]

1. e4 c5 2. Nf3 Nc6 3. d4 cxd4 4. Nxd4 g6 5. Be3 Bg7 6. c3 Nf6 7. Nd2 0-0 8. Bd3 d6 9. h3 Ne5 10. N2f3 Nxd3+ 11. Qxd3 b6 12. Ne2 Bb7 13. Ng3 Qc8 14. Qc2 Ba6 15. Nd4 Qc7 16. Nde2 Qc6 17. f3 Qc7 18. 0-0 d5 19. Rfe1 dxe4 20. Nxe4 Nd5 21. Bd4 e5 22. Bf2 Bh6 23. N2g3 Rad8 24. Rad1 f5 25. Nd2 Kh8 26. Qa4 Bc8 27. Rxe5 Bg7 28. Ree1 Nf4 29. Qa3 Bf6 30. Bd4 Bxd4+ 31. cxd4 Nxh3+ 32. Kh2 Nf4 33. Re7 Qb8 34. Rde1 Nd5 35. Rxa7 h5 36. Ree7 Nxe7 37. Qxe7 Bd7 38. Rxd7 Rxd7 39. Qxd7 h4 40. Ndf1 hxg3+ 41. Nxg3 Rg8 42. Qe6 Rg7 43. Qe5 Qxe5 44. dxe5 f4 45. Ne2 Rh7+ 46. Kg1 g5 47. Nd4 Kg7 48. Kf2 Kf7 49. Ke2 Rh8 50. Kd3 Rh2 51. a4 Rxg2 52. b3 Rg1 53. Kc4 Rh1 54. Kd5 Rd1 55. Ke4 Re1+ 56. Kd5 Rd1 57. Ke4 Kg6 58. b4 Kf7 59. a5 bxa5 60. bxa5 Ra1 61. Kf5 Rxa5 62. Kxg5 Rxe5+ 63. Kxf4 1/2-1/2

[Event "Montigny le Bretonneux Noel op 10th"]
[Site "Montigny le Bretonneux"]
[Date "2007.12.27"]
[Round "3"]
[White "Mousset Evtouchenko, Nina"]
[Black "Mauron, Regis"]
[Result "1-0"]
[WhiteElo "1843"]
[BlackElo "1558"]
[PlyCount "55"]
[EventDate "2007.12.26"]
[EventType "swiss"]
[EventRounds "7"]
[EventCountry "FRA"]
[SourceTitle "CBM 122 Extra"]
[Source "ChessBase"]
[SourceDate "2008.03.04"]
[SourceVersion "1"]
[SourceVersionDate "2008.03.04"]
[SourceQuality "1"]

1. c4 e5 2. Nc3 Nf6 3. e4 Nc6 4. g3 d6 5. Bg2 Be7 6. Nge2 0-0 7. 0-0 Bg4 8. f3 Be6 9. b3 Qc8 10. d4 exd4 11. Nxd4 Nxd4 12. Qxd4 Bh3 13. Bb2 c6 14. Rad1 Bxg2 15. Kxg2 Rd8 16. Rd2 Nh5 17. Rfd1 Qe6 18. Qe3 Qg6 19. Kh1 Qe6 20. g4 Nf6 21. Ne2 Ne8 22. Nd4 Qg6 23. Rg2 h6 24. Nf5 Kf8 25. Nxe7 Kxe7 26. f4 Nf6 27. e5 dxe5 28. Ba3+ 1-0

[Event "Montigny le Bretonneux Noel op 10th"]
[Site "Montigny le Bretonneux"]
[Date "2007.10.31"]
[Round "5"]
[White "Mauron, Regis"]
[Black "Puyo, Elisabeth"]
[Result "1-0"]
[WhiteElo "1558"]
[BlackElo "1300"]
[PlyCount "59"]
[EventDate "2007.12.26"]
[EventType "swiss"]
[EventRounds "7"]
[EventCountry "FRA"]
[SourceTitle "EXT 2008"]
[Source "ChessBase"]
[SourceDate "2007.11.25"]
[SourceVersion "1"]
[SourceVersionDate "2007.11.25"]
[SourceQuality "1"]

1. b4 d5 2. Bb2 Nf6 3. e3 e6 4. b5 Bd6 5. Nf3 0-0 6. Be2 c6 7. a4 Nbd7 8. 0-0 e5 9. d3 Re8 10. Nc3 Qc7 11. e4 Nf8 12. Re1 Bb4 13. Rf1 Bd7 14. Na2 Bd6 15. Nc3 d4 16. Nb1 cxb5 17. axb5 Bxb5 18. c4 Bd7 19. Nbd2 Ne6 20. Nh4 Nf4 21. h3 Nxe2+ 22. Qxe2 Bb4 23. Bc1 Bxd2 24. Bxd2 b5 25. cxb5 Bxb5 26. Qf3 Qc2 27. Bh6 Qxd3 28. Qf5 Qxe4 29. Qg5 g6 30. Qxf6 1-0

[Event "Montigny le Bretonneux Noel op 10th"]
[Site "Montigny le Bretonneux"]
[Date "2007.10.30"]
[Round "4"]
[White "Bot, Florian"]
[Black "Mauron, Regis"]
[Result "0-1"]
[WhiteElo "1520"]
[BlackElo "1558"]
[PlyCount "147"]
[EventDate "2007.12.26"]
[EventType "swiss"]
[EventRounds "7"]
[EventCountry "FRA"]
[SourceTitle "EXT 2008"]
[Source "ChessBase"]
[SourceDate "2007.11.25"]
[SourceVersion "1"]
[SourceVersionDate "2007.11.25"]
[SourceQuality "1"]

1. e4 c5 2. Nf3 Nc6 3. Nc3 g6 4. Bc4 Bg7 5. 0-0 d6 6. Re1 Bg4 7. h3 Bxf3 8. Qxf3 Nf6 9. Bb5 0-0 10. Bxc6 bxc6 11. e5 Nd5 12. Nxd5 cxd5 13. Qxd5 Bxe5 14. d3 Qb6 15. Rb1 e6 16. Qe4 Bg7 17. Be3 Qa5 18. a4 Bxb2 19. Bf4 d5 20. Qe3 Bd4 21. Qg3 Qxa4 22. Rb7 Qxc2 23. Bd6 Qd2 24. Reb1 Rfe8 25. Qf3 f5 26. Bf4 Qc3 27. Bh6 Be5 28. g4 c4 29. gxf5 Qxd3 30. Qxd3 cxd3 31. Re1 Bc3 32. fxg6 hxg6 33. Rd1 Rab8 34. Rxa7 d2 35. Bxd2 Bxd2 36. Rxd2 Kf8 37. Rd3 Re7 38. Ra4 Rb6 39. Rf3+ Rf7 40. Ra8+ Kg7 41. Rg3 Rb1+ 42. Kg2 Rb2 43. Rf3 Rxf3 44. Kxf3 Rb3+ 45. Kg2 d4 46. Rd8 Rd3 47. h4 e5 48. Kf1 Rh3 49. Re8 Kf6 50. Rf8+ Ke6 51. Re8+ Kd5 52. Rd8+ Ke4 53. Ke2 Rf3 54. Re8 d3+ 55. Ke1 Rh3 56. Rb8 Kf3 57. Rf8+ Ke4 58. Rb8 Rh1+ 59. Kd2 Rf1 60. Rb4+ Kf3 61. Kxd3 Rxf2 62. Re4 Rd2+ 63. Kxd2 Kxe4 64. Ke2 Kf4 65. Kd3 Kf3 66. Kd2 e4 67. Ke1 e3 68. Kf1 Kg4 69. Ke2 Kxh4 70. Kxe3 g5 71. Kf2 g4 72. Kf1 Kh3 73. Kg1 Kg3 74. Kh1 0-1

[Event "Montigny le Bretonneux Noel op 10th"]
[Site "Montigny le Bretonneux"]
[Date "2007.10.29"]
[Round "3"]
[White "Mauron, Regis"]
[Black "Kermadec, Geoffroy"]
[Result "0-1"]
[WhiteElo "1558"]
[BlackElo "1630"]
[PlyCount "106"]
[EventDate "2007.12.26"]
[EventType "swiss"]
[EventRounds "7"]
[EventCountry "FRA"]
[SourceTitle "EXT 2008"]
[Source "ChessBase"]
[SourceDate "2007.11.25"]
[SourceVersion "1"]
[SourceVersionDate "2007.11.25"]
[SourceQuality "1"]

1. b4 e5 2. Bb2 Bxb4 3. Bxe5 Nf6 4. e3 0-0 5. Nf3 Nc6 6. Bb2 d5 7. Be2 Bf5 8. 0-0 Re8 9. d3 Qe7 10. a3 Bc5 11. Re1 Ng4 12. d4 Bb6 13. Nc3 Rad8 14. Bb5 Qe6 15. Ne2 Qg6 16. Rc1 Rxe3 17. Nh4 Qh6 18. Ng3 Rxe1+ 19. Qxe1 Qxh4 20. h3 Nh6 21. Bxc6 bxc6 22. Qe5 Qf6 23. Qxf6 gxf6 24. Nxf5 Nxf5 25. c3 c5 26. dxc5 Bxc5 27. Rd1 c6 28. Rd3 Rb8 29. Rd2 Rb3 30. a4 Ba3 31. Bxa3 Rxa3 32. Rb2 Rxa4 33. Rb7 Rc4 34. Rb3 a5 35. Ra3 a4 36. g3 Nd6 37. Ra1 Ne4 38. h4 Nxc3 39. h5 Ne4 40. h6 Kf8 41. Rb1 f5 42. Rb8+ Ke7 43. Rb7+ Kf6 44. Rb8 Kg6 45. Kg2 Kxh6 46. Rg8 Rc2 47. Kf3 Rxf2+ 48. Ke3 a3 49. g4 fxg4 50. Rxg4 a2 51. Rg1 Rb2 52. Ra1 Nc3 53. Rh1+ Kg7 0-1

[Event "Yvelines-ch"]
[Site "Fontenay le Fleury"]
[Date "2003.02.09"]
[Round "3.11"]
[White "Larramendy, Pierre"]
[Black "Mauron, Regis"]
[Result "1-0"]
[WhiteElo "1690"]
[BlackElo "1620"]
[PlyCount "63"]
[EventDate "2003.02.17"]
[EventType "swiss"]
[EventRounds "7"]
[EventCountry "FRA"]
[SourceTitle "EXT 2004"]
[Source "ChessBase"]
[SourceDate "2003.11.25"]
[SourceVersion "1"]
[SourceVersionDate "2003.11.25"]
[SourceQuality "1"]

1. e4 c5 2. Nf3 Nc6 3. Bb5 g6 4. 0-0 Bg7 5. Re1 Nh6 6. c3 0-0 7. d4 cxd4 8. cxd4 f6 9. Nc3 Nf7 10. Be3 a6 11. Bxc6 bxc6 12. d5 Bb7 13. Qb3 Nd6 14. dxc6+ Kh8 15. cxb7 Rb8 16. Qc2 Rxb7 17. Nd5 e6 18. Bc5 Qe8 19. Rac1 Qb8 20. Bxd6 Qxd6 21. Ne3 f5 22. e5 Qb8 23. b3 Rb5 24. Nc4 Re8 25. Qe2 Bh6 26. Rcd1 Rd8 27. Nd6 Rb4 28. Nf7+ Kg7 29. Nxd8 Qxd8 30. Qxa6 Rg4 31. Qxe6 Rxg2+ 32. Kxg2 1-0

[Event "Yvelines-ch"]
[Site "Fontenay le Fleury"]
[Date "2003.02.08"]
[Round "2.21"]
[White "Mauron, Regis"]
[Black "Lacrouts, Maxime"]
[Result "1-0"]
[WhiteElo "1620"]
[BlackElo "1410"]
[PlyCount "47"]
[EventDate "2003.02.17"]
[EventType "swiss"]
[EventRounds "7"]
[EventCountry "FRA"]
[SourceTitle "EXT 2004"]
[Source "ChessBase"]
[SourceDate "2003.11.25"]
[SourceVersion "1"]
[SourceVersionDate "2003.11.25"]
[SourceQuality "1"]

1. b4 e5 2. Bb2 Bxb4 3. Bxe5 Nf6 4. e3 Nc6 5. Bb2 d5 6. Nf3 0-0 7. Be2 Re8 8. 0-0 Be6 9. d3 Qe7 10. Nbd2 Rad8 11. a3 Bd6 12. Qc1 Bg4 13. Re1 Bxf3 14. Nxf3 Ne5 15. Rb1 b6 16. g3 Nxf3+ 17. Bxf3 c6 18. e4 dxe4 19. Bxe4 Nxe4 20. Rxe4 Qd7 21. Qg5 g6 22. Qf6 Be5 23. Bxe5 Rxe5 24. Qxe5 1-0

[Event "Saint Quentin op 5th"]
[Site "Saint Quentin"]
[Date "2002.??.??"]
[Round "7"]
[White "Velasquez, Jean Luc"]
[Black "Mauron, Regis"]
[Result "1-0"]
[WhiteElo "2055"]
[BlackElo "1780"]
[PlyCount "83"]
[EventDate "2002.04.21"]
[EventType "swiss"]
[EventRounds "9"]
[EventCountry "FRA"]
[SourceTitle "CBM 088 Extra"]
[Source "ChessBase"]
[SourceDate "2002.07.01"]
[SourceVersion "2"]
[SourceVersionDate "2002.07.01"]
[SourceQuality "1"]

1. c4 e5 2. Nc3 Nc6 3. Nf3 d6 4. e3 Nf6 5. d4 e4 6. Nd2 Bf5 7. Be2 Qd7 8. a3 Be7 9. b4 a6 10. Bb2 Bg4 11. Bxg4 Qxg4 12. Qxg4 Nxg4 13. Ndxe4 0-0 14. Nd5 Rac8 15. b5 Rfe8 16. bxc6 bxc6 17. Nxe7+ Rxe7 18. Nc3 Rd8 19. 0-0 d5 20. cxd5 cxd5 21. a4 c6 22. Ba3 Re6 23. Rab1 a5 24. Rb7 Ree8 25. Rfb1 h5 26. h3 Nh6 27. R1b6 Rc8 28. Bc5 Nf5 29. Ra6 Nxe3 30. fxe3 Rxe3 31. Rb3 h4 32. Rab6 Re1+ 33. Kf2 Re6 34. Rb8 Rf6+ 35. Kg1 Rxb8 36. Rxb8+ Kh7 37. Rb2 g5 38. Rf2 Re6 39. Rxf7+ Kg6 40. Re7 Rf6 41. Nd1 Rf4 42. Ne3 1-0

[Event "Montigny le Bretonneux Noel op 04th"]
[Site "Montigny le Bretonneux"]
[Date "2001.12.27"]
[Round "2.15"]
[White "Mauron, Regis"]
[Black "Dubos, Jean Luc"]
[Result "1-0"]
[WhiteElo "1630"]
[BlackElo "1310"]
[PlyCount "57"]
[EventDate "2001.12.26"]
[EventType "swiss"]
[EventRounds "7"]
[EventCountry "FRA"]
[SourceTitle "EXT 2003"]
[Source "ChessBase"]
[SourceDate "2002.11.25"]
[SourceVersion "1"]
[SourceVersionDate "2002.11.25"]
[SourceQuality "1"]

1. b4 Nf6 2. Bb2 g6 3. e3 Bg7 4. Nf3 0-0 5. Be2 d6 6. 0-0 Na6 7. b5 Nc5 8. a4 b6 9. d3 Bb7 10. Nbd2 c6 11. c4 cxb5 12. axb5 a6 13. bxa6 Nxa6 14. e4 Qc7 15. Nd4 Rfd8 16. Nb5 Qc6 17. Bf3 e5 18. Qc2 Nc7 19. Nc3 Ne6 20. Nd5 Rd7 21. Qb3 Nd4 22. Bxd4 exd4 23. Nxf6+ Bxf6 24. e5 d5 25. Bxd5 Rxd5 26. cxd5 Qc3 27. Rxa8+ Bxa8 28. exf6 Qxd3 29. Qa4 1-0

[Event "Montigny le Bretonneux Noel op 04th"]
[Site "Montigny le Bretonneux"]
[Date "2001.12.26"]
[Round "1.2"]
[White "Aurel, Luc"]
[Black "Mauron, Regis"]
[Result "1-0"]
[WhiteElo "2199"]
[BlackElo "1630"]
[PlyCount "45"]
[EventDate "2001.12.26"]
[EventType "swiss"]
[EventRounds "7"]
[EventCountry "FRA"]
[SourceTitle "EXT 2003"]
[Source "ChessBase"]
[SourceDate "2002.11.25"]
[SourceVersion "1"]
[SourceVersionDate "2002.11.25"]
[SourceQuality "1"]

1. e4 c5 2. Nf3 Nc6 3. Bb5 g6 4. Bxc6 bxc6 5. d3 Bg7 6. h3 d6 7. 0-0 Nf6 8. e5 dxe5 9. Nxe5 Qd5 10. Re1 0-0 11. Nc3 Qd6 12. Nc4 Qc7 13. Qf3 Be6 14. Bf4 Qd7 15. Ne5 Qe8 16. Qxc6 Nd5 17. Nxd5 Bxe5 18. Qxe8 Rfxe8 19. Rxe5 Rac8 20. c4 Rc6 21. Rae1 Kg7 22. g4 Bxd5 23. Rxd5 1-0